Paper Mario: The Origami King Origami Toads - Statistics

General Stats
  • This quiz has been taken 9 times
  • The average score is 6 of 64
Answer Stats
Streamer No. Origami Toad % Correct
Blue Streamer 34 Butterfly
100%
Blue Streamer 48 Cactus
50%
Yellow Streamer 53 Cactus
50%
Red Streamer 3 Flower
50%
Blue Streamer 43 Flower
50%
Blue Streamer 29 Monkey
50%
Blue Streamer 44 Cat
38%
Blue Streamer 35 Heart
25%
Purple Streamer 61 Heart
25%
Red Streamer 1 Cicada
13%
Blue Streamer 38 Dragonfly
13%
Red Streamer 9 Flag
13%
Red Streamer 4 Purple Butterfly
13%
Red Streamer 8 Red Butterfly
13%
Red Streamer 12 Red Dog
13%
Yellow Streamer 51 Scorpion
13%
Blue Streamer 37 Shuriken
13%
Yellow Streamer 55 Snake
13%
Red Streamer 6 Swan
13%
Red Streamer 7 Blue Butterfly
0%
Red Streamer 19 Blue Roundfish
0%
Blue Streamer 41 Blue Roundfish
0%
Purple Streamer 60 Blue Roundfish
0%
Blue Streamer 40 Blue Scarab Beetle
0%
Blue Streamer 26 Blue Thinfish
0%
Blue Streamer 46 Bonsai
0%
Blue Streamer 33 Chestnut
0%
Blue Streamer 42 Fan
0%
Red Streamer 2 Fried Egg
0%
Red Streamer 18 Grasshopper
0%
Blue Streamer 45 Grasshopper
0%
Red Streamer 20 Green Scarab Beetle
0%
Red Streamer 17 Informational Sign
0%
Purple Streamer 64 Informational Sign
0%
Yellow Streamer 52 Lizard
0%
Red Streamer 22 Pamphlet
0%
Blue Streamer 36 Paper Lantern
0%
Red Streamer 25 Pencil
0%
Red Streamer 23 Pennant
0%
Red Streamer 14 Prairie Dog
0%
Purple Streamer 62 Rabbit
0%
Blue Streamer 27 Red Autumn Leaf
0%
Blue Streamer 31 Red Dragonfly
0%
Red Streamer 15 Red Mushroom
0%
Yellow Streamer 58 Red Pennant
0%
Purple Streamer 63 Red Roundfish
0%
Red Streamer 13 Red Scarab Beetle
0%
Blue Streamer 32 Red Scarab Beetle
0%
Blue Streamer 30 Red Thinfish
0%
Red Streamer 10 Red Tulip
0%
Yellow Streamer 49 Shovel
0%
Yellow Streamer 54 Skull
0%
Blue Streamer 47 Squarefish
0%
Red Streamer 24 Tower
0%
Purple Streamer 59 Vase
0%
Blue Streamer 28 Yellow Autumn Leaf
0%
Red Streamer 11 Yellow Butterfly
0%
Blue Streamer 39 Yellow Dog
0%
Red Streamer 16 Yellow Mushroom
0%
Yellow Streamer 56 Yellow Mushroom
0%
Red Streamer 21 Yellow Scarab Beetle
0%
Yellow Streamer 50 Yellow Scarab Beetle
0%
Red Streamer 5 Yellow Tulip
0%
Yellow Streamer 57 Yellow Tulip
0%
No matching quizzes found
Score Distribution
Percent of People with Each Score
Percentile by Number Answered
Your Score History
You have not taken this quiz